000 00638nam a2200241Ia 4500
003 GCL
008 140319s9999 xx 000 0 eng d
040 _aGCL /
_cGCL
082 0 4 _a828.302
_bB S
100 1 _aBATH, MICHAEL
245 1 0 _aSPEAKING PICTURES: ENGLISH EMBLEM BOOKS AND RENAISSANCE CULTURE /
_cBATH, MICHAEL
260 _a[S.N] :
_bLONGMAN ،
_c1993
300 _a311 P
650 0 4 _aENGLISH POETRY
650 0 4 _aHISTORY AND CRITICISM
650 0 4 _aBIBLIOGRAPHY
650 0 4 _aENGLISH
650 0 4 _aEARLY MODERN
650 0 4 _aRENAISSANCE PERIOD
650 0 4 _aEMBLEM BOOKS
650 0 4 _aEMBLEMS
942 _2ddc
_cBK
999 _c25151
_d25151